[Event "World U20-ch15"]
[Site "Groningen"]
[Date "1977.01.02"]
[Round "11"]
[White "Hebert, Jean"]
[Black "Helmers, Knut Jaran"]
[Result "0-1"]
[WhiteElo "2255"]
[BlackElo "2305"]
[PlyCount "66"]
[GameId "1114897975762944"]
[EventDate "1976.12.21"]
[EventType "swiss"]
[EventRounds "13"]
[EventCountry "NED"]
[SourceTitle "EXT 2006"]
[Source "ChessBase"]
[SourceDate "2005.11.24"]
[SourceVersion "1"]
[SourceVersionDate "2005.11.24"]
[SourceQuality "1"]

1. e4 Nf6 2. e5 Nd5 3. Nc3 Nxc3 4. bxc3 d5 5. Ba3 Nd7 6. d4 c5 7. Qd2 Qa5 8. Bxc5 Nxc5 9. dxc5 e6 10. c4 Qxd2+ 11. Kxd2 dxc4 12. Bxc4 Bxc5 13. f4 b6 14. Nf3 Bb7 15. Ke2 Ke7 16. Rhd1 Rhd8 17. Bd3 a6 18. g3 Rac8 19. Rab1 Bd5 20. a4 a5 21. Ba6 Ra8 22. Bb5 Be4 23. Bd3 Bc6 24. Ra1 Rab8 25. Nd2 Bd4 26. Ra3 g5 27. Be4 Bc5 28. Bxc6 Bxa3 29. Rb1 Bb4 30. Nb3 Rbc8 31. Be4 gxf4 32. gxf4 Rc4 33. Kf3 Bc3 0-1

[Event "New York GHI"]
[Site "New York"]
[Date "1978.??.??"]
[Round "?"]
[White "Fedorowicz, John P"]
[Black "Hebert, Jean"]
[Result "0-1"]
[WhiteElo "2360"]
[BlackElo "2255"]
[PlyCount "56"]
[GameId "1107656825274368"]
[EventDate "1978.07.08"]
[EventType "swiss"]
[EventRounds "11"]
[EventCountry "USA"]
[SourceTitle "EXT 2015"]
[Source "ChessBase"]
[SourceDate "2014.11.20"]
[SourceVersion "1"]
[SourceVersionDate "2014.11.20"]
[SourceQuality "1"]

1. g3 f5 2. Bg2 Nf6 3. c4 e6 4. Nf3 Be7 5. O-O O-O 6. Nc3 d5 7. d4 c6 8. e3 Ne4 9. cxd5 exd5 10. Ne2 Nd7 11. Nf4 Rf6 12. Bd2 Qe8 13. b4 Bd6 14. b5 Nb6 15. bxc6 bxc6 16. Re1 Ba6 17. Bf1 Bxf1 18. Rxf1 Nc4 19. Bc1 g5 20. Nd3 Rh6 21. Nb2 g4 22. Nh4 Nxb2 23. Bxb2 Ng5 24. Qd3 Rxh4 25. gxh4 Nf3+ 26. Kh1 Qh5 27. Ba3 Bxh2 28. Be7 Bd6 0-1

[Event "Olympiad-23"]
[Site "Buenos Aires"]
[Date "1978.10.26"]
[Round "2"]
[White "Gheorghiu, Florin"]
[Black "Hebert, Jean"]
[Result "1/2-1/2"]
[WhiteElo "2520"]
[BlackElo "2255"]
[PlyCount "84"]
[GameId "1107656828825600"]
[EventDate "1978.10.25"]
[EventType "team-swiss"]
[EventRounds "14"]
[EventCountry "ARG"]
[SourceTitle "EXT 2000"]
[Source "ChessBase"]
[SourceDate "1999.11.18"]
[SourceVersion "1"]
[SourceVersionDate "1999.11.18"]
[SourceQuality "1"]
[WhiteTeam "Romania"]
[BlackTeam "Canada"]
[WhiteTeamCountry "ROU"]
[BlackTeamCountry "CAN"]

1. c4 e5 2. Nc3 Nf6 3. Nf3 Nc6 4. g3 g6 5. d4 exd4 6. Nxd4 Bg7 7. Nxc6 bxc6 8. Bg2 O-O 9. O-O a5 10. Be3 Re8 11. Bd4 Rb8 12. b3 Bb7 13. Rc1 d6 14. c5 d5 15. Re1 Ne4 16. Bxg7 Kxg7 17. Nxe4 dxe4 18. Qc2 Qd4 19. Red1 Qe5 20. Qc3 Ba6 21. Rd4 Rb4 22. e3 Bd3 23. Rd7 Qxc3 24. Rxc3 a4 25. Bf1 Bxf1 26. Kxf1 axb3 27. axb3 Rb7 28. Kg2 Re5 29. g4 h5 30. h3 hxg4 31. hxg4 Kf6 32. Rd4 Ke6 33. Kg3 Rb8 34. b4 f5 35. Ra3 Rd5 36. Rxd5 Kxd5 37. Ra7 Rxb4 38. Rxc7 fxg4 39. Rg7 Kxc5 40. Rxg6 Rb1 41. Kf4 Rf1 42. Kxe4 Rxf2 1/2-1/2

[Event "Olympiad-23"]
[Site "Buenos Aires"]
[Date "1978.11.02"]
[Round "8"]
[White "Hebert, Jean"]
[Black "Donoso Velasco, Pedro H"]
[Result "1/2-1/2"]
[WhiteElo "2255"]
[BlackElo "2405"]
[PlyCount "148"]
[GameId "1114898088046592"]
[EventDate "1978.10.25"]
[EventType "team-swiss"]
[EventRounds "14"]
[EventCountry "ARG"]
[SourceTitle "EXT 2000"]
[Source "ChessBase"]
[SourceDate "1999.11.18"]
[SourceVersion "1"]
[SourceVersionDate "1999.11.18"]
[SourceQuality "1"]
[WhiteTeam "Canada"]
[BlackTeam "Chile"]
[WhiteTeamCountry "CAN"]
[BlackTeamCountry "CHI"]

1. e4 e5 2. Nf3 Nc6 3. d4 exd4 4. Nxd4 Nf6 5. Nxc6 bxc6 6. e5 Ne4 7. Qf3 Nc5 8. Bc4 Ne6 9. O-O Qh4 10. Bxe6 fxe6 11. Nc3 Be7 12. Ne4 Rf8 13. Qd3 Rb8 14. b3 Rb5 15. f4 Rd5 16. Qe2 c5 17. g3 Qh3 18. Qb5 Qf5 19. Nc3 Rd4 20. Be3 Rb4 21. Qa5 Bb7 22. Rf2 Qh3 23. Qxc7 Bh4 24. Rd1 Bc6 25. Qc8+ Kf7 26. Rxd7+ Bxd7 27. Qxd7+ Kg8 28. Qd3 Rd8 29. Qf1 Qxf1+ 30. Kxf1 Be7 31. Na4 Rd1+ 32. Kg2 Rb5 33. c4 Ra5 34. Kf3 Kf7 35. Ke4 g6 36. Rd2 Rxd2 37. Bxd2 Ra6 38. Be3 Rc6 39. Nc3 h5 40. h3 Ke8 41. g4 hxg4 42. hxg4 Kd7 43. f5 gxf5+ 44. gxf5 exf5+ 45. Kxf5 Ra6 46. Na4 Rc6 47. Nc3 Ra6 48. Bf2 Rh6 49. Nd5 Rh2 50. Be3 Rxa2 51. e6+ Ke8 52. Nxe7 Kxe7 53. Bxc5+ Ke8 54. Ke5 a5 55. Kd4 a4 56. bxa4 Rxa4 57. Bd6 Ra1 58. Kd5 Rd1+ 59. Kc6 Re1 60. e7 Rc1 61. c5 Rb1 62. Kc7 Rb2 63. c6 Rb1 64. Ba3 Rb3 65. Bc5 Rb1 66. Kd6 Rd1+ 67. Ke6 Re1+ 68. Kd5 Rd1+ 69. Kc4 Re1 70. Bb4 Re2 71. Kb5 Re4 72. Bc5 Re2 73. Kb6 Rb2+ 74. Ka6 Rc2 1/2-1/2

[Event "Olympiad-23"]
[Site "Buenos Aires"]
[Date "1978.11.03"]
[Round "9"]
[White "Hebert, Jean"]
[Black "Miles, Anthony John"]
[Result "0-1"]
[WhiteElo "2255"]
[BlackElo "2565"]
[PlyCount "66"]
[GameId "1114898088529920"]
[EventDate "1978.10.25"]
[EventType "team-swiss"]
[EventRounds "14"]
[EventCountry "ARG"]
[SourceTitle "EXT 2000"]
[Source "ChessBase"]
[SourceDate "1999.11.18"]
[SourceVersion "1"]
[SourceVersionDate "1999.11.18"]
[SourceQuality "1"]
[WhiteTeam "Canada"]
[BlackTeam "England"]
[WhiteTeamCountry "CAN"]
[BlackTeamCountry "ENG"]

1. e4 c5 2. c3 Nf6 3. e5 Nd5 4. d4 cxd4 5. cxd4 d6 6. Nf3 Nc6 7. Bc4 e6 8. a3 Be7 9. O-O b6 10. Qe2 Bb7 11. Rd1 a5 12. Bxd5 exd5 13. Nc3 Ba6 14. Qe1 Bc4 15. Nd2 Bd3 16. Nf3 Bc2 17. Rd2 Bb3 18. Ne2 O-O 19. Rd3 Bc4 20. Rc3 Qd7 21. Bf4 dxe5 22. Nxe5 Nxe5 23. Bxe5 Rfe8 24. Re3 Bg5 25. Bf4 Rxe3 26. Bxe3 Bxe3 27. fxe3 Qb5 28. Ng3 Qxb2 29. Rb1 Qxa3 30. Rxb6 a4 31. Nf5 Qf8 32. Qh4 a3 33. Rh6 a2 0-1

[Event "Olympiad-23"]
[Site "Buenos Aires"]
[Date "1978.11.04"]
[Round "10"]
[White "Rodriguez Vargas, Orestes"]
[Black "Hebert, Jean"]
[Result "1-0"]
[WhiteElo "2485"]
[BlackElo "2255"]
[PlyCount "58"]
[GameId "1114898089046016"]
[EventDate "1978.10.25"]
[EventType "team-swiss"]
[EventRounds "14"]
[EventCountry "ARG"]
[SourceTitle "EXT 2000"]
[Source "ChessBase"]
[SourceDate "1999.11.18"]
[SourceVersion "1"]
[SourceVersionDate "1999.11.18"]
[SourceQuality "1"]
[WhiteTeam "Peru"]
[BlackTeam "Canada"]
[WhiteTeamCountry "PER"]
[BlackTeamCountry "CAN"]

1. d4 Nf6 2. c4 g6 3. Nc3 d5 4. Nf3 Bg7 5. Bg5 dxc4 6. e4 O-O 7. Bxc4 c6 8. h3 Nbd7 9. O-O Nb6 10. Bb3 Ne8 11. Qe2 Kh8 12. Rad1 Nd6 13. Rfe1 f6 14. Bf4 g5 15. Bg3 g4 16. Nh4 gxh3 17. gxh3 Bxh3 18. Kh2 Bd7 19. Rg1 Qe8 20. e5 f5 21. Bf4 Ne4 22. Rg2 Nxc3 23. bxc3 e6 24. Rdg1 Qe7 25. Qh5 Qf7 26. Ng6+ Kg8 27. Bh6 Be8 28. Ne7+ Qxe7 29. Rxg7+ Kh8 1-0

[Event "Olympiad-23"]
[Site "Buenos Aires"]
[Date "1978.11.07"]
[Round "12"]
[White "Haik, Aldo"]
[Black "Hebert, Jean"]
[Result "0-1"]
[WhiteElo "2425"]
[BlackElo "2255"]
[PlyCount "80"]
[GameId "1107656829272064"]
[EventDate "1978.10.25"]
[EventType "team-swiss"]
[EventRounds "14"]
[EventCountry "ARG"]
[SourceTitle "EXT 2000"]
[Source "ChessBase"]
[SourceDate "1999.11.18"]
[SourceVersion "1"]
[SourceVersionDate "1999.11.18"]
[SourceQuality "1"]
[WhiteTeam "France"]
[BlackTeam "Canada"]
[WhiteTeamCountry "FRA"]
[BlackTeamCountry "CAN"]

1. d4 Nf6 2. c4 c5 3. d5 e6 4. Nc3 exd5 5. cxd5 g6 6. e4 d6 7. Bd3 Bg7 8. Nge2 O-O 9. O-O a6 10. a4 Nbd7 11. Bg5 h6 12. Bh4 Qc7 13. f3 Rb8 14. Bf2 Ne5 15. Bc2 Nh5 16. Rb1 Bd7 17. Kh1 b5 18. axb5 axb5 19. b4 cxb4 20. Na2 Ra8 21. Nxb4 Nc4 22. Nd4 Na3 23. Rc1 Qc3 24. Nbc6 Qb2 25. Bb3 Nf4 26. g3 Nh3 27. Be3 Rfe8 28. Re1 Nc4 29. Bxc4 bxc4 30. Re2 Qb7 31. Qc2 Ra3 32. Qxc4 f5 33. Nb5 Rxe3 34. Rxe3 fxe4 35. fxe4 Qb6 36. Rce1 Nf2+ 37. Kg2 Rf8 38. Nbd4 Bh3+ 39. Kg1 Ng4 40. R3e2 Ne5 0-1

[Event "Match/Nation CUB-America"]
[Site "telex"]
[Date "1979.??.??"]
[Round "1.2"]
[White "Garcia Martinez, Silvino"]
[Black "Hebert, Jean"]
[Result "1/2-1/2"]
[WhiteElo "2465"]
[BlackElo "2365"]
[PlyCount "63"]
[GameId "1114898105860096"]
[EventDate "1979.??.??"]
[EventType "team"]
[EventRounds "1"]
[EventCountry "CUB"]
[SourceTitle "EXT 2002"]
[Source "ChessBase"]
[SourceDate "2001.11.25"]
[SourceVersion "1"]
[SourceVersionDate "2001.11.25"]
[SourceQuality "1"]
[WhiteTeam "Cuba"]
[BlackTeam "United States"]
[WhiteTeamCountry "CUB"]
[BlackTeamCountry "USA"]

1. e4 c5 2. Nf3 d6 3. d4 cxd4 4. Nxd4 Nf6 5. Nc3 e6 6. f4 Nc6 7. Be3 Bd7 8. Be2 Nxd4 9. Qxd4 Bc6 10. O-O Be7 11. a4 O-O 12. Bf3 Qc7 13. Qd2 b6 14. g4 d5 15. e5 Ne4 16. Nxe4 dxe4 17. Be2 Rfd8 18. Qe1 Bb7 19. Qf2 Qxc2 20. Rac1 Qxb2 21. a5 Bh4 22. Qxh4 Qxe2 23. Rce1 Qb5 24. f5 Qxe5 25. f6 bxa5 26. fxg7 f5 27. Qe7 Qxg7 28. Qxe6+ Kh8 29. Qxf5 Rd5 30. Qf4 Re8 31. Rc1 Rd7 32. Rc5 1/2-1/2

[Event "Metz op"]
[Site "Metz"]
[Date "1979.??.??"]
[Round "?"]
[White "Hebert, Jean"]
[Black "Bastian, Herbert"]
[Result "1-0"]
[WhiteElo "2365"]
[BlackElo "2310"]
[PlyCount "83"]
[GameId "1114898129543168"]
[EventDate "1979.03.??"]
[EventType "swiss"]
[EventRounds "9"]
[EventCountry "FRA"]
[SourceTitle "EXT 2004"]
[Source "ChessBase"]
[SourceDate "2003.11.25"]
[SourceVersion "1"]
[SourceVersionDate "2003.11.25"]
[SourceQuality "1"]

1. Nf3 Nf6 2. g3 g6 3. Bg2 Bg7 4. O-O O-O 5. c4 d6 6. d4 Nc6 7. b3 Bg4 8. Bb2 e5 9. dxe5 Nd7 10. Nc3 Ndxe5 11. Nxe5 Nxe5 12. Qd2 Rb8 13. f4 Nc6 14. Nd5 Be6 15. Bxg7 Kxg7 16. Qc3+ f6 17. e4 Ne7 18. Rae1 c6 19. Ne3 b5 20. f5 Bc8 21. Rd1 bxc4 22. Nxc4 d5 23. g4 gxf5 24. exf5 Qc7 25. Nb2 Qe5 26. Qc1 h6 27. Rfe1 Qd6 28. Nd3 Rf7 29. Nf4 Rb4 30. Nh5+ Kh7 31. h3 d4 32. Qc2 Rf8 33. Re4 c5 34. Rde1 Ng8 35. Qd2 Rd8 36. Nf4 d3 37. Rxb4 cxb4 38. Kh1 Ne7 39. Qxd3 Nxf5 40. Qxd6 Nxd6 41. Re7+ Kg8 42. Bd5+ 1-0

[Event "Val Thorens op"]
[Site "Val Thorens"]
[Date "1979.??.??"]
[Round "?"]
[White "Ghitescu, Theodor"]
[Black "Hebert, Jean"]
[Result "1-0"]
[WhiteElo "2400"]
[BlackElo "2365"]
[PlyCount "99"]
[GameId "1114898144378880"]
[EventDate "1979.07.??"]
[EventType "swiss"]
[EventRounds "9"]
[EventCountry "FRA"]
[SourceTitle "EXT 2004"]
[Source "ChessBase"]
[SourceDate "2003.11.25"]
[SourceVersion "1"]
[SourceVersionDate "2003.11.25"]
[SourceQuality "1"]

1. d4 Nf6 2. c4 c5 3. d5 e6 4. Nc3 exd5 5. cxd5 g6 6. e4 d6 7. Bd3 Bg7 8. Nge2 O-O 9. O-O Na6 10. Bg5 h6 11. Bh4 Re8 12. f4 Qb6 13. Kh1 c4 14. Bc2 Ng4 15. Ba4 Rf8 16. Qd2 Nc5 17. h3 Nf6 18. Bc2 Re8 19. Bf2 Qb4 20. Ng3 Bd7 21. Rae1 Nh7 22. e5 dxe5 23. a3 Nb3 24. Qd1 Qf8 25. f5 gxf5 26. Bxf5 Qe7 27. d6 Qd8 28. Nd5 Nf8 29. Nc7 Qg5 30. Bxd7 Nxd7 31. Nxa8 Rxa8 32. Qd5 Nf6 33. Qxe5 Nd2 34. Qxg5 hxg5 35. Rg1 Rd8 36. Nf5 Nfe4 37. Bxa7 Bxb2 38. Bb6 Rd7 39. Be3 Be5 40. Re2 Nb3 41. Bxg5 Ng3+ 42. Nxg3 Bxg3 43. Rd1 Rxd6 44. Rxd6 Bxd6 45. Be7 Bc7 46. Bb4 b5 47. Re7 Bf4 48. Rd7 Be3 49. Rd5 Nd4 50. Bc5 1-0

[Event "Biel-13 GM"]
[Site "Biel"]
[Date "1980.07.21"]
[Round "3"]
[White "Hebert, Jean"]
[Black "Hoelzl, Franz"]
[Result "0-1"]
[WhiteElo "2360"]
[BlackElo "2415"]
[PlyCount "49"]
[GameId "1114898212331520"]
[EventDate "1980.07.19"]
[EventType "tourn"]
[EventRounds "11"]
[EventCountry "SUI"]
[EventCategory "7"]
[SourceTitle "EXT 1999"]
[Source "ChessBase"]
[SourceDate "1998.11.10"]
[SourceVersion "1"]
[SourceVersionDate "1998.11.10"]
[SourceQuality "1"]

1. d4 Nf6 2. c4 g6 3. Nc3 d5 4. Nf3 Bg7 5. cxd5 Nxd5 6. e4 Nxc3 7. bxc3 c5 8. Be3 Bg4 9. Rb1 Bxf3 10. gxf3 O-O 11. Qd2 cxd4 12. cxd4 Nc6 13. d5 Ne5 14. Be2 Qc8 15. Rb5 Qh3 16. Bf4 Rac8 17. Qb4 Qg2 18. Rf1 Rc7 19. Kd1 Rfc8 20. Qe1 Qh3 21. Bd2 Bh6 22. f4 Qxh2 23. Rb1 Bxf4 24. Rh1 Qg2 25. Bf1 0-1

[Event "Biel-13 GM"]
[Site "Biel"]
[Date "1980.07.23"]
[Round "4"]
[White "Gruenfeld, Yehuda"]
[Black "Hebert, Jean"]
[Result "1-0"]
[WhiteElo "2455"]
[BlackElo "2360"]
[PlyCount "79"]
[GameId "1114898212356096"]
[EventDate "1980.07.19"]
[EventType "tourn"]
[EventRounds "11"]
[EventCountry "SUI"]
[EventCategory "7"]
[SourceTitle "EXT 1999"]
[Source "ChessBase"]
[SourceDate "1998.11.10"]
[SourceVersion "1"]
[SourceVersionDate "1998.11.10"]
[SourceQuality "1"]

1. e4 g6 2. d4 Bg7 3. Nc3 c6 4. Nf3 d6 5. Be2 Nh6 6. O-O O-O 7. h3 f6 8. Be3 Nf7 9. a4 a5 10. d5 c5 11. Nd2 Na6 12. Nc4 f5 13. f4 fxe4 14. Nxe4 Bf5 15. Ng3 Nh6 16. Nxf5 Nxf5 17. Bf2 Nd4 18. Bd3 e6 19. Ne3 exd5 20. Nxd5 Nc7 21. Nb6 Rb8 22. c3 Nde6 23. Bg3 Ne8 24. Qb3 Kh8 25. f5 c4 26. Nxc4 Nc5 27. Qc2 gxf5 28. Bxf5 b5 29. axb5 Rxb5 30. Bxh7 Nf6 31. Nxd6 Rb6 32. Rad1 Qe7 33. Bg6 Rc6 34. Kh1 Qa7 35. Rf4 Kg8 36. Rh4 Rd8 37. b4 axb4 38. cxb4 Nce4 39. Qb3+ Kf8 40. Bxe4 1-0

[Event "Biel-13 GM"]
[Site "Biel"]
[Date "1980.07.24"]
[Round "5"]
[White "Hebert, Jean"]
[Black "Shamkovich, Leonid Alexandrovic"]
[Result "1/2-1/2"]
[WhiteElo "2360"]
[BlackElo "2515"]
[PlyCount "138"]
[GameId "1114898212384768"]
[EventDate "1980.07.19"]
[EventType "tourn"]
[EventRounds "11"]
[EventCountry "SUI"]
[EventCategory "7"]
[SourceTitle "EXT 1999"]
[Source "ChessBase"]
[SourceDate "1998.11.10"]
[SourceVersion "1"]
[SourceVersionDate "1998.11.10"]
[SourceQuality "1"]

1. e4 c5 2. f4 Nc6 3. Nf3 d6 4. Bb5 Bd7 5. O-O g6 6. d3 Bg7 7. Bxc6 Bxc6 8. Nc3 e6 9. f5 exf5 10. exf5 Ne7 11. Nh4 Nxf5 12. Nxf5 gxf5 13. Qe2+ Qe7 14. Qxe7+ Kxe7 15. Rxf5 Ke6 16. Rf2 f5 17. Ne2 Rae8 18. c3 Kd7 19. Bf4 Rhf8 20. Ng3 Re6 21. Re2 Rg6 22. Rae1 Rf7 23. Rf1 Rg4 24. Rff2 b5 25. h3 Rg6 26. Nh5 Bh8 27. Be3 a5 28. Kf1 b4 29. c4 Re7 30. Bf4 Rxe2 31. Rxe2 a4 32. Ng3 Rf6 33. b3 Rf8 34. Bh6 Rf7 35. Bf4 Bd4 36. Ke1 Bc3+ 37. Kf1 Bd4 38. Ke1 Bf6 39. Kf2 Bh4 40. Kg1 Rf8 41. Kh2 a3 42. Nh5 Rf7 43. Ng3 Rf6 44. Rd2 Bxg3+ 45. Bxg3 f4 46. Bf2 Rg6 47. Bg1 f3 48. gxf3 Bxf3 49. d4 Kc6 50. Rf2 Be4 51. Re2 Bb1 52. Bf2 Rf6 53. Kg3 h5 54. Rd2 Be4 55. Kh4 Rf5 56. Re2 Rf4+ 57. Kg5 Rf3 58. Kxh5 Rxh3+ 59. Kg5 Rf3 60. Kg4 Rf7 61. Rd2 Bb1 62. Re2 Bd3 63. Rd2 Be4 64. Bg3 Rf1 65. dxc5 dxc5 66. Be5 Rf7 67. Rd6+ Kb7 68. Rd2 Bf5+ 69. Kf4 Bb1+ 1/2-1/2

[Event "Biel-13 GM"]
[Site "Biel"]
[Date "1980.07.25"]
[Round "6"]
[White "Toth, Bela"]
[Black "Hebert, Jean"]
[Result "1-0"]
[WhiteElo "2390"]
[BlackElo "2360"]
[PlyCount "65"]
[GameId "1114898212417536"]
[EventDate "1980.07.19"]
[EventType "tourn"]
[EventRounds "11"]
[EventCountry "SUI"]
[EventCategory "7"]
[SourceTitle "EXT 1999"]
[Source "ChessBase"]
[SourceDate "1998.11.10"]
[SourceVersion "1"]
[SourceVersionDate "1998.11.10"]
[SourceQuality "1"]

1. d4 Nf6 2. c4 c5 3. d5 e6 4. Nc3 exd5 5. cxd5 d6 6. Nf3 g6 7. e4 Bg7 8. Be2 O-O 9. O-O Re8 10. Nd2 Nbd7 11. h3 a6 12. a4 Rb8 13. Qc2 Qc7 14. Kh1 b6 15. f4 Bb7 16. Nc4 Rbd8 17. Bd2 Qb8 18. Bf3 Ba8 19. Be1 Nh5 20. Bxh5 gxh5 21. Bh4 f6 22. Qd1 Nf8 23. Qxh5 Ng6 24. Bg3 b5 25. axb5 axb5 26. f5 Ne5 27. Nxe5 dxe5 28. Bf2 b4 29. Na4 c4 30. Nb6 Qc7 31. Rfc1 c3 32. bxc3 bxc3 33. Ra3 1-0

[Event "Biel-13 GM"]
[Site "Biel"]
[Date "1980.07.26"]
[Round "7"]
[White "Hebert, Jean"]
[Black "Cuartas, Carlos Enrique"]
[Result "0-1"]
[WhiteElo "2360"]
[BlackElo "2420"]
[PlyCount "114"]
[GameId "1114898212429824"]
[EventDate "1980.07.19"]
[EventType "tourn"]
[EventRounds "11"]
[EventCountry "SUI"]
[EventCategory "7"]
[SourceTitle "EXT 1999"]
[Source "ChessBase"]
[SourceDate "1998.11.10"]
[SourceVersion "1"]
[SourceVersionDate "1998.11.10"]
[SourceQuality "1"]

1. e4 e6 2. d4 d5 3. e5 c5 4. c3 Nc6 5. Nf3 Qb6 6. a3 c4 7. Nbd2 Na5 8. h4 Bd7 9. h5 O-O-O 10. g3 Kb8 11. Bh3 f5 12. Rb1 Rc8 13. O-O Be7 14. Re1 g5 15. Bg2 Nh6 16. Nf1 Rhg8 17. N3h2 Nb3 18. g4 Ba4 19. Qe2 Rcf8 20. gxf5 Nxf5 21. Be3 Be8 22. Qg4 Rg7 23. Ng3 Qd8 24. Nhf1 Bd7 25. Qe2 Nh4 26. Nh2 Qe8 27. Rbd1 Nf5 28. Nxf5 Rxf5 29. Qg4 Qf7 30. Nf1 Be8 31. Ng3 Rf4 32. Qe2 Rh4 33. Rf1 Qg8 34. Rde1 h6 35. Bf3 g4 36. Bg2 Bxh5 37. Bxh6 Rh7 38. Bf4 Bg6 39. Rd1 Rh8 40. f3 Bd3 41. Rxd3 cxd3 42. Qxd3 gxf3 43. Rxf3 Na5 44. Nf1 Rg4 45. Bg3 Rh7 46. a4 a6 47. Rf4 Rxf4 48. Bxf4 Rg7 49. Qh3 Bg5 50. Bxg5 Rxg5 51. Kf2 Qf7+ 52. Bf3 Qg6 53. Ne3 Ka7 54. Qh8 Rg1 55. Ng2 Rb1 56. b4 Rb2+ 57. Kg1 Qg3 0-1

[Event "Biel-13 GM"]
[Site "Biel"]
[Date "1980.07.27"]
[Round "8"]
[White "Sahovic, Dragutin"]
[Black "Hebert, Jean"]
[Result "1-0"]
[WhiteElo "2485"]
[BlackElo "2360"]
[PlyCount "125"]
[GameId "1114898212454400"]
[EventDate "1980.07.19"]
[EventType "tourn"]
[EventRounds "11"]
[EventCountry "SUI"]
[EventCategory "7"]
[SourceTitle "EXT 1999"]
[Source "ChessBase"]
[SourceDate "1998.11.10"]
[SourceVersion "1"]
[SourceVersionDate "1998.11.10"]
[SourceQuality "1"]

1. d4 c5 2. Nc3 cxd4 3. Qxd4 Nc6 4. Qh4 g6 5. e4 Bg7 6. Bc4 d6 7. Nf3 Be6 8. Nd5 h6 9. c3 Qd7 10. O-O Nf6 11. Qf4 Bxd5 12. Bxd5 Nxd5 13. exd5 Ne5 14. Nd4 O-O 15. Qe4 Rac8 16. h3 Qd8 17. Qh4 g5 18. Qe4 Qd7 19. f4 gxf4 20. Bxf4 e6 21. Rad1 exd5 22. Qxd5 Rfe8 23. Bxe5 Rxe5 24. Qf3 Rcc5 25. Nb3 Rc7 26. Rd3 Rg5 27. Nd2 Rg6 28. Qd5 Qe7 29. Ne4 Be5 30. Rdf3 Qe6 31. Rd1 Rc6 32. Rd2 Kg7 33. b3 f5 34. Qxe6 Rxe6 35. Rxf5 Bxc3 36. Nxc3 Rxc3 37. Rfd5 Rc6 38. Kf2 Kf7 39. Kf3 Ke7 40. Kg4 Rc3 41. Kh4 a6 42. R5d3 Rc5 43. g4 Rf6 44. Re3+ Kf7 45. Rde2 Rc7 46. Re8 Rd7 47. Rh8 Kg7 48. Ree8 d5 49. Reg8+ Kf7 50. Rf8+ Ke6 51. Rxf6+ Kxf6 52. Rxh6+ Ke5 53. Kg3 Rc7 54. Rh8 Rc3+ 55. Kh4 Rc2 56. Re8+ Kf6 57. g5+ Kf7 58. Rd8 Rxa2 59. Rxd5 b5 60. Kh5 Rb2 61. g6+ Kf8 62. Kh6 Rxb3 63. g7+ 1-0

[Event "Biel-13 GM"]
[Site "Biel"]
[Date "1980.07.29"]
[Round "9"]
[White "Hebert, Jean"]
[Black "Wirthensohn, Heinz"]
[Result "1/2-1/2"]
[WhiteElo "2360"]
[BlackElo "2425"]
[PlyCount "39"]
[GameId "1114898212474880"]
[EventDate "1980.07.19"]
[EventType "tourn"]
[EventRounds "11"]
[EventCountry "SUI"]
[EventCategory "7"]
[SourceTitle "EXT 1999"]
[Source "ChessBase"]
[SourceDate "1998.11.10"]
[SourceVersion "1"]
[SourceVersionDate "1998.11.10"]
[SourceQuality "1"]

1. e4 c5 2. c3 d5 3. exd5 Qxd5 4. d4 e6 5. Nf3 Nc6 6. Na3 Nf6 7. Nb5 Qd8 8. dxc5 Bxc5 9. Qxd8+ Kxd8 10. Bg5 Ke7 11. Rd1 a6 12. Nbd4 Nxd4 13. Nxd4 h6 14. Be3 Ba7 15. f3 e5 16. Nc2 Be6 17. Bxa7 Rxa7 18. c4 Rc8 19. Ne3 b6 20. Bd3 1/2-1/2

[Event "Biel-13 GM"]
[Site "Biel"]
[Date "1980.07.30"]
[Round "10"]
[White "Hebert, Jean"]
[Black "Liberzon, Vladimir Mikhailovi"]
[Result "1/2-1/2"]
[WhiteElo "2360"]
[BlackElo "2545"]
[PlyCount "127"]
[GameId "1114898212499456"]
[EventDate "1980.07.19"]
[EventType "tourn"]
[EventRounds "11"]
[EventCountry "SUI"]
[EventCategory "7"]
[SourceTitle "EXT 1999"]
[Source "ChessBase"]
[SourceDate "1998.11.10"]
[SourceVersion "1"]
[SourceVersionDate "1998.11.10"]
[SourceQuality "1"]

1. e4 c5 2. Nf3 Nc6 3. Nc3 e6 4. d4 cxd4 5. Nxd4 d6 6. Be3 Nf6 7. g4 e5 8. Nf5 g6 9. Ng3 Nxg4 10. Qf3 Nxe3 11. fxe3 Be6 12. Nd5 Qa5+ 13. c3 O-O-O 14. a4 f5 15. Bc4 fxe4 16. Qxe4 Bxd5 17. Bxd5 Qb6 18. b4 Bh6 19. Ke2 Ne7 20. Rhd1 Nxd5 21. Rxd5 Kb8 22. a5 Qc6 23. c4 Rc8 24. Rc1 Rhd8 25. Qh4 Bf8 26. Qxh7 Qa4 27. Qxg6 Qxb4 28. Qe4 a6 29. Nf5 Rd7 30. Kf3 Rf7 31. Qd3 Qb2 32. Rc2 Qa1 33. Kg2 Be7 34. Ng3 Bh4 35. Rxd6 Bxg3 36. hxg3 e4 37. Qd1 Qxa5 38. Qd5 Qxd5 39. Rxd5 Rf3 40. Rg5 Rxe3 41. c5 Rb3 42. g4 Re8 43. Rf5 a5 44. c6 bxc6 45. Rxa5 Kb7 46. Rf5 Rb5 47. Rf6 e3 48. Kf3 Rbe5 49. Rb2+ Kc7 50. Re2 Kb6 51. Rf5 R5e6 52. Rb2+ Kc7 53. Re2 Kd6 54. g5 c5 55. Rf6 Rxf6+ 56. gxf6 Rf8 57. Kxe3 Rxf6 58. Kd3 Kd5 59. Rh2 Rf3+ 60. Kc2 Kc4 61. Rh4+ Kb5 62. Rg4 Rh3 63. Kb2 c4 64. Rg8 1/2-1/2

[Event "Biel-13 GM"]
[Site "Biel"]
[Date "1980.07.31"]
[Round "11"]
[White "Pachman, Ludek"]
[Black "Hebert, Jean"]
[Result "1-0"]
[WhiteElo "2510"]
[BlackElo "2360"]
[PlyCount "99"]
[GameId "1114898212540416"]
[EventDate "1980.07.19"]
[EventType "tourn"]
[EventRounds "11"]
[EventCountry "SUI"]
[EventCategory "7"]
[SourceTitle "EXT 1999"]
[Source "ChessBase"]
[SourceDate "1998.11.10"]
[SourceVersion "1"]
[SourceVersionDate "1998.11.10"]
[SourceQuality "1"]

1. d4 Nf6 2. c4 g6 3. Nc3 Bg7 4. e4 d6 5. f3 O-O 6. Be3 Nc6 7. Nge2 a6 8. Qd2 Rb8 9. Bh6 b5 10. h4 Na5 11. Ng3 Nxc4 12. Bxc4 bxc4 13. Bxg7 Kxg7 14. h5 g5 15. Qxg5+ Kh8 16. O-O-O c6 17. Qd2 Qa5 18. Nf1 d5 19. Ne3 Rb7 20. e5 Nd7 21. g4 Nb6 22. Rdg1 Na4 23. Ned1 Bd7 24. Nxa4 Qxa4 25. Nc3 Qa5 26. Rh2 Rg8 27. Qe3 Be6 28. f4 Qc7 29. f5 Bc8 30. Rf2 f6 31. Rgg2 Qd8 32. g5 fxg5 33. Rxg5 Rxg5 34. Qxg5 Qg8 35. Qxg8+ Kxg8 36. f6 Kf7 37. fxe7+ Kxe7 38. Rf6 Rc7 39. Na4 a5 40. Nc5 Ke8 41. h6 Bg4 42. Rf4 Bc8 43. Rf6 Bg4 44. Kd2 Rf7 45. Ke3 Ke7 46. Kf4 Bc8 47. Kg5 Rxf6 48. exf6+ Kf7 49. a3 Bh3 50. Nb7 1-0